000 00722nac a22001811u 4500
008 100905t xxu||||| |||| 00| 0 eng d
020 _a8121916879
082 _a621.56
_bKHU
100 _aKhurmi, R. S.
_917855
245 _aA Textbook of Refrigeration and Air Conditioning /
_cR. S.Khurmi, J. Gupta.
260 _aNew Delhi :
_bS Chand & Co.,
_c1987
300 _a695 p. :
_bill. ;
_c24 cm.
650 _aRefrigeration and refrigerating machinery.
_917856
650 _aAir conditioning.
_917857
700 _aGupta, J.
_917858
942 _cBB
_k621.56KHU
_2ddc
999 _c1418
_d1418